Statistics for NPB 通算OPSランキング

Click here to take the quiz!

General Stats

  • This quiz has been taken 10 times
  • The average score is 12 of 20

Answer Stats

順位OPS選手名% Correct
40.987落合博満
100%
11.080王貞治
88%
20.996松井秀喜
88%
170.907門田博光
75%
160.909清原和博
75%
140.919長嶋茂雄
75%
130.923山本浩二
75%
110.925松中信彦
75%
70.9334張本勲
75%
60.940タフィ・ローズ
75%
30.990アレックス・カブレラ
75%
50.950柳田悠岐
63%
90.929小笠原道大
50%
100.927ブーマー・ウェルズ
50%
200.896田淵幸一
50%
150.913掛布雅之
38%
80.9325中西太
25%
120.924レロン・リー
25%
180.902レオン・リー
25%
190.900山内一弘
25%

Score Distribution

Percentile by Number Answered

Percent of People with Each Score

Your Score History

You have not taken this quiz